Railway stations in Wiltshire Quiz Stats

 Plays Quiz not verified by Sporcle

Challenge
Share
Tweet
Embed
Score 0/14 Timer 10:00
0 Plays Today
Year Opened Station % Correct
1842Swindon
98.2%
1859Salisbury
90.8%
1848Trowbridge
87.5%
1841Chippenham
87.5%
1848Westbury
82.8%
1851Warminster
75.5%
1985Melksham
74.7%
Year Opened Station % Correct
1857Bradford-on-Avon
73.6%
1862Pewsey
58.6%
1937Dilton Marsh
44.3%
1862Bedwyn
41.8%
1906Avoncliff
38.5%
1859Tisbury
38.1%
1847Dean
30.4%

You're not logged in!

Compare scores with friends on all Sporcle quizzes.
OR
Log In

You Might Also Like...

Show Comments

Extras

Created Jan 5, 2013ReportNominate
Tags:railway, station, usage, wiltshire

Top Quizzes Today


Score Distribution

Your Account Isn't Verified!

In order to create a playlist on Sporcle, you need to verify the email address you used during registration. Go to your Sporcle Settings to finish the process.

Report this User

Report this user for behavior that violates our Community Guidelines.

Details: